000 01089nmm a2200313 a 4500
001 ocm0001411522
003 TR-IsHL
005 20201028163745.0
008 160220s2015 tu tur
007 cr cn
020 _a9786051624365
035 _a1411522
_b(N$T)
050 0 4 _aBP252.N87
_bY35 2015
090 0 4 _aBP252.N87
_bY35 2015
100 1 _aYalsızuçanlar, Sadık
245 1 0 _aKalpteki akıl: Risale-i Nur üzerine düşünceler
_h[electronic resource] /
_cSadık Yalsızuçanlar
260 _aİstanbul :
_bNesil Yayınları,
_c2015
300 _a173 p.
650 4 _aFelsefe, Psikoloji ve Din
650 4 _aPhilosophy, Psychology and Religion
650 0 _aNursi, Bediüzzaman Said,1873-1960
650 0 _aİslam
_x İman
650 0 _aIslam
_x Faith
650 0 _aKur'an-ı Kerîm
_x Eleştiri, yorum, v.b.
650 0 _aKoran
_x Criticism, interpretation, etc.
650 0 _aCreation (Islam)
650 7 _aRELIGION / Islam / History
_2bisacsh
856 4 0 _uhttp://search.ebscohost.com/login.aspx?direct=true&scope=site&db=e011xww&AN=1411522
999 _c15433
_d15433